| 000 | 00546nam a2200181 4500 | ||
|---|---|---|---|
| 001 | 136745 | ||
| 003 | ES-MaACL | ||
| 005 | 20240208163315.0 | ||
| 007 | t| | ||
| 008 | 070214s1962 sp r ||||1| spa d | ||
| 100 | 0 |
_aSáinz Sáinz-Pardo, Jesús. _9101610 |
|
| 245 | 1 | 0 |
_aProblemas de Fisiología Astronáutica / _cJesús Sainz Sainz-Pardo. |
| 260 |
_aZaragoza : _bUniversidad, _c1962. |
||
| 300 |
_a35 p. : _bil. ; _c24 cm. |
||
| 710 | 2 |
_aUniversidad de Zaragoza _97352 |
|
| 852 |
_aES-MaACL _j1943-F-24 _bR.51030 |
||
| 999 |
_c136745 _d136745 |
||